[Event "DVM U12 2019"]
[Site "Magdeburg GER"]
[Date "2019.12.27"]
[Round "1"]
[White "Pauscher, Moritz"]
[Black "Fehlhaber, Alexander"]
[Result "0-1"]
[Termination "normal"]
[Board "5.4"]
[WhiteElo "1018"]
[BlackElo "1137"]
[WhiteTeam "BSG Grün-Weiß Leipzig e. V."]
[BlackTeam "SC Wolfratshausen 1948 e.V."]
[PlyCount "110"]
[WhiteFideId "16265742"]
[BlackFideId "16298020"]
[EventCountry "GER"]
[EventRounds "7"]
[EventType "team-swiss"]
[EventDate "2019.12.26"]

1. e4 c5 2. Nf3 e6 3. Nc3 a6 4. d3 Qc7 5. Be3 Nc6 6. d4 cxd4 7. Nxd4 Nf6 8.
Nxc6 Qxc6 9. Qf3 Bb4 10. Bd4 O-O 11. Bd3 Ne8 12. O-O b5 13. Rad1 Bb7 14. Rfe1
Qc7 15. Re3 f5 16. Qe2 e5 17. Bxe5 Qxe5 18. exf5 Qf6 19. Be4 Bxe4 20. Rxe4 Bxc3
21. bxc3 Qxf5 22. Re5 Qf6 23. Rxd7 Qc6 24. Qd3 Qb6 25. Qg3 Rd8 26. Rxd8 Qxd8
27. Qd3 Qf6 28. Qd5+ Kh8 29. Qd4 Qh6 30. Re3 Nd6 31. Re1 Nf5 32. Qe5 Qg6 33. g3
Qf7 34. Qe2 Nd6 35. Rd1 Re8 36. Qf1 Ne4 37. Re1 Nxc3 38. Rxe8+ Qxe8 39. a3 Qe7
40. Qd3 Qf6 41. Qe3 h6 42. Qe8+ Kh7 43. Qe3 Nb1 44. Qd3+ Kh8 45. Qe3 Qf8 46.
Qb6 Qxa3 47. Qd8+ Kh7 48. Qd3+ Qxd3 49. cxd3 b4 50. Kf1 b3 51. Ke1 b2 52. Kd1
Na3 53. Ke2 b1=Q 54. Ke3 Qb6+ 55. Kf3 Qc6+ 0-1

[Event "DVM U12 2019"]
[Site "Magdeburg GER"]
[Date "2019.12.27"]
[Round "1"]
[White "Hecht, Jonas Christian"]
[Black "Colditz, Elias"]
[Result "0-1"]
[Termination "normal"]
[Board "6.1"]
[WhiteElo "1754"]
[BlackElo "1708"]
[WhiteTeam "SC Kreuzberg e.V."]
[BlackTeam "SV Multatuli Ingelheim e.V."]
[PlyCount "98"]
[WhiteFideId "16214846"]
[BlackFideId "16298039"]
[EventCountry "GER"]
[EventRounds "7"]
[EventType "team-swiss"]
[EventDate "2019.12.26"]

1. e4 c5 2. Nc3 a6 3. f4 Nc6 4. Nf3 e6 5. Be2 d5 6. d3 Be7 7. O-O b5 8. Qe1 Nf6
9. Bd1 O-O 10. Kh1 Bb7 11. e5 Nd7 12. Qg3 Re8 13. Qg4 Nf8 14. h4 h6 15. h5 f5
16. Qh3 Nh7 17. Rg1 Rf8 18. g4 Qe8 19. gxf5 Rxf5 20. Nh2 d4 21. Ne4 Qf8 22. Bg4
Nd8 23. Nf3 Rf7 24. Bxe6 Nxe6 25. Qxe6 Bc8 26. Qd5 Ra7 27. Rg3 Kh8 28. e6 Rf5
29. Ne5 Rxh5+ 30. Kg2 Kg8 31. Bd2 Nf6 32. Nxf6+ Qxf6 33. Qf3 Bb7 34. Nc6 Rf5
35. Kf2 Qxe6 36. Re1 Bxc6 37. Rxe6 Bxf3 38. Kxf3 Kh7 39. Rh3 Rf6 40. Re2 Bd6
41. Rh5 g5 42. f5 Rxf5+ 43. Kg4 Raf7 44. Re6 R7f6 45. Re2 Kg6 46. Rh1 Bf4 47.
Be1 Be3 48. Bg3 Rf1 49. Rh3 h5+ 0-1

[Event "DVM U12 2019"]
[Site "Magdeburg GER"]
[Date "2019.12.27"]
[Round "1"]
[White "Stiehl, Richard"]
[Black "Held, Momme Fredrik"]
[Result "0-1"]
[Termination "normal"]
[Board "6.2"]
[WhiteElo "1171"]
[BlackElo "1573"]
[WhiteTeam "SV Multatuli Ingelheim e.V."]
[BlackTeam "SC Kreuzberg e.V."]
[PlyCount "74"]
[WhiteFideId "16298063"]
[BlackFideId "16237692"]
[EventCountry "GER"]
[EventRounds "7"]
[EventType "team-swiss"]
[EventDate "2019.12.26"]

1. e4 e5 2. Nf3 Nc6 3. Bc4 Nf6 4. d3 Be7 5. Nc3 d6 6. h3 h6 7. O-O O-O 8. Re1
Na5 9. Bb3 Nxb3 10. axb3 Nh7 11. Ne2 f5 12. exf5 Bxf5 13. Ng3 Be6 14. d4 Ng5
15. Bxg5 Bxg5 16. dxe5 d5 17. Qe2 a6 18. Red1 c5 19. c4 d4 20. b4 b6 21. b3 a5
22. bxc5 bxc5 23. Ne4 Be7 24. Ng3 Qb6 25. Rab1 Qc6 26. Rd2 Bxh3 27. Kh2 Bf5 28.
Nxf5 Rxf5 29. Rh1 Bg5 30. Rdd1 Re8 31. Nxg5 Rxg5 32. f4 Rg6 33. Rdf1 d3 34. Qd2
Rg4 35. Rd1 Qe4 36. Rhf1 g5 37. Rde1 Qd4 0-1

[Event "DVM U12 2019"]
[Site "Magdeburg GER"]
[Date "2019.12.27"]
[Round "1"]
[White "Kliffken, Julian"]
[Black "Bungarten, Jona"]
[Result "0-1"]
[Termination "normal"]
[Board "7.1"]
[WhiteElo "1476"]
[BlackElo "1750"]
[WhiteTeam "Schachgemeinschaft Porz e. V."]
[BlackTeam "Schachfreunde Brackel 1930 e. V."]
[PlyCount "62"]
[WhiteFideId "16298071"]
[BlackFideId "16223608"]
[EventCountry "GER"]
[EventRounds "7"]
[EventType "team-swiss"]
[EventDate "2019.12.26"]

1. d4 d5 2. Nc3 Nf6 3. Nf3 c5 4. g3 Nc6 5. Bg5 Bg4 6. Bg2 Ne4 7. Nxe4 dxe4 8.
Ne5 Bf5 9. Nxc6 bxc6 10. c3 Qd5 11. Be3 cxd4 12. Bxd4 e5 13. Be3 Be7 14. Qxd5
cxd5 15. O-O-O Be6 16. Kb1 O-O 17. Bc1 Rfd8 18. c4 f5 19. cxd5 Bxd5 20. b3 a5
21. Bb2 a4 22. Bxe5 axb3 23. axb3 Ra3 24. Bh3 Rxb3+ 25. Kc2 Rc8+ 26. Kd2 Bb4+
27. Bc3 Bxc3+ 28. Ke3 Be5+ 29. Kd2 e3+ 30. fxe3 Bc3+ 31. Kd3 Be4# 0-1

[Event "DVM U12 2019"]
[Site "Magdeburg GER"]
[Date "2019.12.27"]
[Round "1"]
[White "Tomasjan, Samuel"]
[Black "Marcziter, Alex"]
[Result "1-0"]
[Termination "normal"]
[Board "7.2"]
[WhiteElo "1662"]
[BlackElo "1335"]
[WhiteTeam "Schachfreunde Brackel 1930 e. V."]
[BlackTeam "Schachgemeinschaft Porz e. V."]
[PlyCount "71"]
[WhiteFideId "16235584"]
[BlackFideId "16258126"]
[EventCountry "GER"]
[EventRounds "7"]
[EventType "team-swiss"]
[EventDate "2019.12.26"]

1. e4 e5 2. Nf3 Nc6 3. Bc4 Nf6 4. Ng5 d5 5. exd5 Na5 6. Bb5+ c6 7. dxc6 bxc6 8.
Qf3 Be7 9. Ne4 Nd5 10. Ba4 O-O 11. Nec3 Bb7 12. d3 Nf4 13. Bxf4 c5 14. Qh3 exf4
15. O-O Qd6 16. Nd2 Qg6 17. Rfe1 Bf6 18. Bd7 Qg5 19. Nde4 Qh4 20. Qxh4 Bxh4 21.
Nxc5 Bc8 22. g3 fxg3 23. hxg3 Bf6 24. Rab1 Bd4 25. Bxc8 Raxc8 26. N5a4 Nc6 27.
Nd5 Kh8 28. c3 Be5 29. d4 Bb8 30. Ne7 Nxe7 31. Rxe7 h6 32. Rbe1 Rcd8 33. Nc5 f6
34. Ne6 Bd6 35. Nxf8 Bxe7 36. Ng6+ 1-0

[Event "DVM U12 2019"]
[Site "Magdeburg GER"]
[Date "2019.12.27"]
[Round "1"]
[White "Wegener, Moritz"]
[Black "Römer, Uri"]
[Result "1/2-1/2"]
[Termination "normal"]
[Board "7.3"]
[WhiteElo "1226"]
[BlackElo "1311"]
[WhiteTeam "Schachgemeinschaft Porz e. V."]
[BlackTeam "Schachfreunde Brackel 1930 e. V."]
[PlyCount "51"]
[WhiteFideId "16298080"]
[BlackFideId "16275039"]
[EventCountry "GER"]
[EventRounds "7"]
[EventType "team-swiss"]
[EventDate "2019.12.26"]

1. e4 e5 2. Nc3 Nf6 3. f4 d6 4. fxe5 dxe5 5. Nf3 Nc6 6. Bc4 Bg4 7. d3 h6 8. Bd2
Bd6 9. O-O Nd4 10. Be3 Nxf3+ 11. Rxf3 Bxf3 12. Qxf3 Qd7 13. Nd5 Nxd5 14. Bxd5
c6 15. Bc4 b6 16. Rf1 Rf8 17. d4 exd4 18. Bxd4 Bc5 19. Bxc5 bxc5 20. e5 Qd4+
21. Kh1 Qxc4 22. Qxc6+ Ke7 23. Qd6+ Ke8 24. Qc6+ Ke7 25. Qd6+ Ke8 26. Qc6+
1/2-1/2

[Event "DVM U12 2019"]
[Site "Magdeburg GER"]
[Date "2019.12.27"]
[Round "1"]
[White "Butusov, Maxim"]
[Black "Bröcker, David"]
[Result "1-0"]
[Termination "normal"]
[Board "7.4"]
[WhiteElo "1222"]
[BlackElo "1168"]
[WhiteTeam "Schachfreunde Brackel 1930 e. V."]
[BlackTeam "Schachgemeinschaft Porz e. V."]
[PlyCount "48"]
[WhiteFideId "16264320"]
[BlackFideId "16298098"]
[EventCountry "GER"]
[EventRounds "7"]
[EventType "team-swiss"]
[EventDate "2019.12.26"]

1. e4 e6 2. Nf3 Ne7 3. Nc3 d5 4. exd5 exd5 5. d4 Nbc6 6. Bf4 b6 7. Nb5 Kd7 8.
Nxc7 Rb8 9. Bb5 Ng6 10. Nxd5 a6 11. Bxb8 axb5 12. Bg3 Bd6 13. Ne5+ Ngxe5 14.
dxe5 Re8 15. Qg4+ Re6 16. O-O-O Nxe5 17. Bxe5 Ke8 18. Bxd6 Rxd6 19. Qf3 Bb7 20.
Rhe1+ Kf8 21. Qa3 Qg5+ 22. Re3 Qh6 23. Nxb6 g6 24. Qxd6+ Kg7 1-0

[Event "DVM U12 2019"]
[Site "Magdeburg GER"]
[Date "2019.12.27"]
[Round "1"]
[White "Kageler, Anton Paul"]
[Black "Pick, Max"]
[Result "1/2-1/2"]
[Termination "normal"]
[Board "8.1"]
[WhiteElo "1777"]
[BlackElo "1635"]
[WhiteTeam "SV Roter Turm Halle"]
[BlackTeam "Schachklub Kerpen 64 e. V."]
[PlyCount "151"]
[WhiteFideId "16244850"]
[BlackFideId "16210883"]
[EventCountry "GER"]
[EventRounds "7"]
[EventType "team-swiss"]
[EventDate "2019.12.26"]

1. e4 e6 2. d4 d5 3. Nd2 c5 4. exd5 exd5 5. Ngf3 Nf6 6. Bb5+ Bd7 7. Bxd7+ Nbxd7
8. O-O Be7 9. dxc5 Nxc5 10. Nd4 Qd7 11. Re1 O-O 12. N2b3 Rfe8 13. Bg5 Nxb3 14.
axb3 a6 15. c3 h6 16. Bh4 Ne4 17. Bxe7 Rxe7 18. f3 Nf6 19. Qd2 Rae8 20. Kf2 Kf8
21. Rad1 Rxe1 22. Rxe1 Rxe1 23. Qxe1 g6 24. Qe5 Qe7 25. Qf4 Kg7 26. Qg3 Qc5 27.
Qe5 Qb6 28. h4 h5 29. g4 hxg4 30. fxg4 Kh7 31. Kf3 Qd8 32. g5 Nh5 33. c4 dxc4
34. bxc4 Qc8 35. Qd5 Qh3+ 36. Ke4 Qxh4+ 37. Ke3 Qg3+ 38. Nf3 Qf4+ 39. Kd3 Qc7
40. Kc3 Ng3 41. Ne5 Kg7 42. Nd7 Ne4+ 43. Kb3 Nxg5 44. Qd4+ Kg8 45. Nf6+ Kf8 46.
Nd5 Qg3+ 47. Ka4 Qh2 48. Qf6 Ne6 49. Qe7+ Kg7 50. Qf6+ Kf8 51. Qe7+ Kg8 52.
Nf6+ Kg7 53. Ne8+ Kh6 54. Qxf7 Qc2+ 55. b3 Qa2+ 56. Kb4 a5+ 57. Kc3 Qa1+ 58.
Kd2 Qb2+ 59. Ke1 Qc3+ 60. Kf2 Qc2+ 61. Ke1 Qc1+ 62. Kf2 Qf4+ 63. Qxf4+ Nxf4 64.
Nd6 Nd3+ 65. Kg3 Nc5 66. Kg4 b6 67. Nc8 Nxb3 68. Nxb6 Nc5 69. Nd5 a4 70. Nb4 a3
71. Na2 g5 72. Nb4 Kg6 73. Na2 Kf6 74. Nb4 Ke5 75. Kxg5 Kd4 76. Nc2+ 1/2-1/2

[Event "DVM U12 2019"]
[Site "Magdeburg GER"]
[Date "2019.12.27"]
[Round "1"]
[White "Atar, Efecan"]
[Black "Adelmeyer, Nelly"]
[Result "0-1"]
[Termination "normal"]
[Board "8.2"]
[WhiteElo "1417"]
[BlackElo "1453"]
[WhiteTeam "Schachklub Kerpen 64 e. V."]
[BlackTeam "SV Roter Turm Halle"]
[PlyCount "128"]
[WhiteFideId "16266420"]
[BlackFideId "16203577"]
[EventCountry "GER"]
[EventRounds "7"]
[EventType "team-swiss"]
[EventDate "2019.12.26"]

1. d4 c5 2. d5 Nf6 3. c4 g6 4. Nc3 Bg7 5. Bf4 Qb6 6. Qc2 d6 7. e4 O-O 8. Nf3
Qa5 9. Bd3 Bg4 10. Nh4 Nh5 11. Bd2 Qd8 12. Be2 Bxe2 13. Nxe2 e6 14. Nf3 exd5
15. exd5 Re8 16. Be3 Qa5+ 17. Nd2 Na6 18. O-O Nb4 19. Qb3 Qa6 20. Nf4 Nxf4 21.
Bxf4 f5 22. a3 Bxb2 23. Ra2 Nxa2 24. Qxb2 Qb6 25. Qxa2 Re2 26. Rb1 Qc7 27. Qb2
b6 28. Qf6 Rf8 29. Qc3 Qe7 30. Nf3 Re4 31. Bg5 Qg7 32. Qd2 f4 33. Qd3 Rfe8 34.
g3 fxg3 35. hxg3 Qd7 36. Kg2 Qg4 37. Rc1 Rf8 38. Bh6 Rfe8 39. Qc3 R4e7 40. Re1
Qd7 41. Rxe7 Rxe7 42. Qf6 Rf7 43. Qe6 Qxe6 44. dxe6 Re7 45. Ng5 a6 46. a4 b5
47. cxb5 axb5 48. axb5 c4 49. Kf3 d5 50. Ke3 c3 51. Kd3 d4 52. f4 Rc7 53. b6 c2
54. b7 c1=N+ 55. Kxd4 Rxb7 56. Kd5 Ne2 57. Ne4 Rb5+ 58. Kd6 Nd4 59. Nf6+ Kh8
60. Ke7 Nf5+ 61. Kf8 Rb8+ 62. Ne8 Nxh6 63. e7 Nf5 64. g4 Nd6 0-1

[Event "DVM U12 2019"]
[Site "Magdeburg GER"]
[Date "2019.12.27"]
[Round "1"]
[White "Ilhan, Kiwan Noah"]
[Black "Spinka, Georg Kamil"]
[Result "0-1"]
[Termination "normal"]
[Board "8.4"]
[WhiteElo "912"]
[BlackElo "1338"]
[WhiteTeam "Schachklub Kerpen 64 e. V."]
[BlackTeam "SV Roter Turm Halle"]
[PlyCount "46"]
[WhiteFideId "16298110"]
[BlackFideId "16297962"]
[EventCountry "GER"]
[EventRounds "7"]
[EventType "team-swiss"]
[EventDate "2019.12.26"]

1. e4 c5 2. Nc3 d6 3. Nf3 Nf6 4. Bc4 g6 5. Ng5 e6 6. d3 Bg7 7. Bd2 O-O 8. Qf3
Nc6 9. Be3 a6 10. O-O-O b5 11. Bb3 Qb6 12. Ne2 a5 13. a3 a4 14. Ba2 b4 15. Qh3
bxa3 16. bxa3 Rb8 17. Kd2 Qa5+ 18. Nc3 Nh5 19. Qg4 Qxc3+ 20. Ke2 Nf6 21. Qf4 e5
22. Qf3 Bg4 23. Qxg4 Nxg4 0-1

[Event "DVM U12 2019"]
[Site "Magdeburg GER"]
[Date "2019.12.27"]
[Round "1"]
[White "Gold, Jan Christian"]
[Black "Bock, Marlon"]
[Result "1/2-1/2"]
[Termination "normal"]
[Board "9.1"]
[WhiteElo "1527"]
[BlackElo "1708"]
[WhiteTeam "SK Bad Homburg 1927"]
[BlackTeam "SSV Vimaria 91 Weimar"]
[PlyCount "59"]
[WhiteFideId "16298128"]
[BlackFideId "16244931"]
[EventCountry "GER"]
[EventRounds "7"]
[EventType "team-swiss"]
[EventDate "2019.12.26"]

1. e4 e5 2. Bc4 Nc6 3. Nf3 Bc5 4. d3 Nf6 5. Bg5 h6 6. Bh4 O-O 7. Nc3 Be7 8. Qe2
d6 9. h3 Be6 10. g4 Nd4 11. Nxd4 exd4 12. Nb5 Bxc4 13. dxc4 Re8 14. O-O-O Nxe4
15. Bxe7 Rxe7 16. Rde1 Re8 17. h4 c5 18. g5 a6 19. Na3 hxg5 20. Rhg1 Qf6 21.
Rg4 Nxf2 22. Qxe8+ Rxe8 23. Rxe8+ Kh7 24. hxg5 Nd3+ 25. cxd3 Qf1+ 26. Kd2 Kg6
27. Nc2 Kf5 28. Ree4 Qf2+ 29. Kc1 Qf1+ 30. Kd2 1/2-1/2

[Event "DVM U12 2019"]
[Site "Magdeburg GER"]
[Date "2019.12.27"]
[Round "1"]
[White "Krömer, Emanuel"]
[Black "Negru, Maximilian"]
[Result "0-1"]
[Termination "normal"]
[Board "9.2"]
[WhiteElo "1459"]
[BlackElo "1267"]
[WhiteTeam "SSV Vimaria 91 Weimar"]
[BlackTeam "SK Bad Homburg 1927"]
[PlyCount "60"]
[WhiteFideId "16287070"]
[BlackFideId "16298136"]
[EventCountry "GER"]
[EventRounds "7"]
[EventType "team-swiss"]
[EventDate "2019.12.26"]

1. d4 d5 2. Nf3 Nf6 3. e3 c5 4. c4 Nc6 5. a3 e6 6. Nbd2 Bd6 7. Bd3 O-O 8. Nb3
cxd4 9. exd4 e5 10. cxd5 Nxd4 11. Nfxd4 exd4 12. Nxd4 Qa5+ 13. Kf1 Qxd5 14. h4
Bc5 15. Ne2 Bg4 16. Bg5 Rad8 17. Bxf6 gxf6 18. Bc2 Qc4 19. Qe1 Qxc2 20. Rc1
Bxe2+ 21. Kg1 Qxc1 22. Qxc1 Rd1+ 23. Qxd1 Bxd1 24. Kh2 Bh5 25. f3 Re8 26. Rd1
Bb6 27. Kg3 Re2 28. Rd7 Rxb2 29. Rxb7 Bf2+ 30. Kh3 Rxb7 0-1

[Event "DVM U12 2019"]
[Site "Magdeburg GER"]
[Date "2019.12.27"]
[Round "1"]
[White "Mandalka, Justus"]
[Black "Bock, Leonas"]
[Result "1-0"]
[Termination "normal"]
[Board "9.3"]
[WhiteElo "1220"]
[BlackElo "1226"]
[WhiteTeam "SK Bad Homburg 1927"]
[BlackTeam "SSV Vimaria 91 Weimar"]
[PlyCount "61"]
[WhiteFideId "16298144"]
[BlackFideId "16287118"]
[EventCountry "GER"]
[EventRounds "7"]
[EventType "team-swiss"]
[EventDate "2019.12.26"]

1. e4 d6 2. d4 Nf6 3. Nc3 e5 4. dxe5 dxe5 5. Bg5 Be6 6. Bb5+ c6 7. Ba4 Be7 8.
Nf3 Qc7 9. O-O Nbd7 10. Bb3 O-O-O 11. Bxe6 fxe6 12. Qe2 Kb8 13. a4 Rhf8 14. Qc4
h6 15. Bh4 g5 16. Bg3 Bd6 17. Rfd1 Rde8 18. Rd2 Re7 19. Rad1 Ne8 20. b4 g4 21.
Nh4 Rf6 22. f3 h5 23. a5 a6 24. Na4 Ref7 25. Qb3 Kc8 26. Bf2 gxf3 27. Nxf3 Rg7
28. Nb6+ Nxb6 29. Bxb6 Qe7 30. Nxe5 Nc7 31. Rxd6 1-0

[Event "DVM U12 2019"]
[Site "Magdeburg GER"]
[Date "2019.12.27"]
[Round "1"]
[White "Stadelmann, Constantin"]
[Black "Radutny, Alexej"]
[Result "1-0"]
[Termination "normal"]
[Board "9.4"]
[WhiteElo "1295"]
[BlackElo "1045"]
[WhiteTeam "SSV Vimaria 91 Weimar"]
[BlackTeam "SK Bad Homburg 1927"]
[PlyCount "71"]
[WhiteFideId "16297970"]
[BlackFideId "16298152"]
[EventCountry "GER"]
[EventRounds "7"]
[EventType "team-swiss"]
[EventDate "2019.12.26"]

1. d4 e6 2. e3 d5 3. Nf3 b6 4. Bd3 Ba6 5. Bxa6 Nxa6 6. b3 Bd6 7. O-O Ne7 8.
Nbd2 O-O 9. Bb2 c5 10. Ne5 Bxe5 11. dxe5 Nb4 12. Nf3 Rc8 13. a3 Nbc6 14. Qe2
Nf5 15. Rad1 Qc7 16. Rd2 Rfd8 17. Rfd1 h6 18. e4 Nfe7 19. h3 Rd7 20. Rd3 Rcd8
21. R3d2 d4 22. Rd3 Nxe5 23. Nxe5 Qxe5 24. Rg3 Nf5 25. Rgd3 b5 26. f4 Ng3 27.
Rxg3 Qxf4 28. Rg4 Qe3+ 29. Qxe3 dxe3 30. Rxg7+ Kf8 31. Re1 Rd1 32. Kf1 R8d2 33.
Rxd1 Rxd1+ 34. Ke2 Rb1 35. Bf6 Rb2 36. Bxb2 1-0

[Event "DVM U12 2019"]
[Site "Magdeburg GER"]
[Date "2019.12.27"]
[Round "1"]
[White "Udelnov, Valentin"]
[Black "Isbilir, Levin"]
[Result "1/2-1/2"]
[Termination "normal"]
[Board "10.1"]
[WhiteElo "1416"]
[BlackElo "1175"]
[WhiteTeam "Schachzwerge Magdeburg"]
[BlackTeam "SC Erlangen 48/88"]
[PlyCount "54"]
[WhiteFideId "16265734"]
[BlackFideId "16267192"]
[EventCountry "GER"]
[EventRounds "7"]
[EventType "team-swiss"]
[EventDate "2019.12.26"]

1. e4 c5 2. Nf3 d6 3. d4 cxd4 4. Nxd4 Nf6 5. Nc3 g6 6. Be3 Bg7 7. Bc4 Nc6 8. f3
O-O 9. Qd2 Bd7 10. O-O-O Qa5 11. Kb1 Rfc8 12. Bb3 Ne5 13. g4 b5 14. h4 b4 15.
Nce2 Ba4 16. Bh6 Bh8 17. h5 Nxf3 18. Nxf3 Bxb3 19. cxb3 Nxe4 20. Qe3 d5 21.
hxg6 fxg6 22. Ng3 Qc7 23. Qd3 Qc6 24. Nxe4 dxe4 25. Qd2 exf3 26. Rhe1 Qc7 27.
Qd5+ e6 1/2-1/2

[Event "DVM U12 2019"]
[Site "Magdeburg GER"]
[Date "2019.12.27"]
[Round "1"]
[White "Wedekind, Ferdinand"]
[Black "Herter, Arne"]
[Result "0-1"]
[Termination "normal"]
[Board "10.2"]
[WhiteElo "1215"]
[BlackElo "1417"]
[WhiteTeam "SC Erlangen 48/88"]
[BlackTeam "Schachzwerge Magdeburg"]
[PlyCount "46"]
[WhiteFideId "16298179"]
[BlackFideId "16255372"]
[EventCountry "GER"]
[EventRounds "7"]
[EventType "team-swiss"]
[EventDate "2019.12.26"]

1. e4 e5 2. Nf3 Nc6 3. Bc4 Bc5 4. O-O Nf6 5. d4 Bxd4 6. Nxd4 Nxd4 7. f4 d6 8.
fxe5 dxe5 9. Bg5 Be6 10. Bxe6 Nxe6 11. Qxd8+ Rxd8 12. Bxf6 gxf6 13. Rxf6 Nf4
14. g3 Rd1+ 15. Kf2 Ne6 16. Ke2 Rh1 17. h4 Nd4+ 18. Kd2 Rh2+ 19. Kd3 Nxc2 20.
Na3 Nxa1 21. Nc4 Rg8 22. Rf3 Rg2 23. Nxe5 R8xg3 0-1

[Event "DVM U12 2019"]
[Site "Magdeburg GER"]
[Date "2019.12.27"]
[Round "1"]
[White "Petzold, Johannes Julius"]
[Black "Frech, Luis"]
[Result "1-0"]
[Termination "normal"]
[Board "10.3"]
[WhiteElo "1449"]
[BlackElo "1175"]
[WhiteTeam "Schachzwerge Magdeburg"]
[BlackTeam "SC Erlangen 48/88"]
[PlyCount "99"]
[WhiteFideId "16289455"]
[BlackFideId "16298187"]
[EventCountry "GER"]
[EventRounds "7"]
[EventType "team-swiss"]
[EventDate "2019.12.26"]

1. e4 e5 2. Nf3 Nc6 3. Bc4 Bc5 4. c3 d6 5. d4 Bb6 6. O-O exd4 7. cxd4 Bg4 8.
Bb5 Bd7 9. Re1 f6 10. e5 Nce7 11. Bc4 d5 12. Bb3 Bc6 13. Nc3 Qd7 14. exf6 gxf6
15. a4 Ba5 16. Bd2 h5 17. Qe2 h4 18. h3 Rh7 19. Nb5 Bxd2 20. Nxc7+ Qxc7 21.
Qxd2 Qd7 22. Qb4 Rb8 23. Qa5 Ra8 24. Bc2 Rg7 25. Kh1 Qd8 26. Qb4 a5 27. Qc5 Qc7
28. Re2 b6 29. Qc3 Kd8 30. Rae1 Rc8 31. Qd3 Bd7 32. Nxh4 Rb8 33. Qf3 Qc4 34.
Nf5 Bxf5 35. Bxf5 Qxa4 36. Qf4 Rb7 37. Qd6+ Ke8 38. Qxd5 Rc7 39. Qa8+ Kf7 40.
Be6+ Kg6 41. Qe4+ Kh6 42. Qf4+ Kg6 43. Qxc7 Kh7 44. Qf4 Qc6 45. Qe4+ Qxe4 46.
Rxe4 Nh6 47. Rh4 Rg5 48. Kh2 Rg6 49. Bf7 Rg7 50. Rxe7 1-0

[Event "DVM U12 2019"]
[Site "Magdeburg GER"]
[Date "2019.12.27"]
[Round "1"]
[White "Bajaj, Pranit"]
[Black "Knoche, Maurice Michael"]
[Result "0-1"]
[Termination "normal"]
[Board "10.4"]
[WhiteElo "935"]
[BlackElo "1072"]
[WhiteTeam "SC Erlangen 48/88"]
[BlackTeam "Schachzwerge Magdeburg"]
[PlyCount "70"]
[WhiteFideId "16298195"]
[BlackFideId "16297989"]
[EventCountry "GER"]
[EventRounds "7"]
[EventType "team-swiss"]
[EventDate "2019.12.26"]

1. e4 e5 2. Nf3 Nc6 3. Nc3 Nf6 4. Bc4 Bc5 5. O-O O-O 6. a3 d6 7. b4 Bb6 8. b5
Nd4 9. Na4 Bg4 10. Be2 Bxf3 11. Bxf3 a6 12. c3 Ne6 13. bxa6 Rxa6 14. Bb2 Qd7
15. Nxb6 Rxb6 16. Rb1 Nc5 17. Ba1 Qa4 18. Qe1 Qxa3 19. Rxb6 cxb6 20. d4 exd4
21. cxd4 Ne6 22. d5 Nc5 23. Bxf6 gxf6 24. Qd2 Ra8 25. g3 Qxf3 26. e5 fxe5 27.
Qg5+ Kf8 28. Qh6+ Ke8 29. Qxd6 Ne4 30. Qxe5+ Kf8 31. Qh8+ Ke7 32. Qxa8 Ng5 33.
Qxb7+ Kf8 34. Qb8+ Kg7 35. d6 Nh3# 0-1